000 00353nam a2200109Ia 4500
005 20251222141935.0
008 251222s9999||||xx |||||||||||||| ||spa||
082 _a907.2/C32
100 _a"Cassani, Jorge LuisPérez Amuchastegui, A. J."
245 0 _aDel Epos a la historia científica: Una visión de la historiografía a través del método
942 _cLIB
999 _c9163
_d9163